| 000 | 00434nam a2200181Ia 4500 | ||
|---|---|---|---|
| 001 | 22285 | ||
| 005 | 20260414150821.0 | ||
| 008 | 260414t2013||||xx |||||||||||||| ||spa|| | ||
| 041 | _aESP | ||
| 082 |
_a621.31 _bG71 |
||
| 100 |
_aGonzález, Juan Eduardo _eAUT |
||
| 245 | 0 |
_aInstalaciones de distribución _b |
|
| 260 | _c2013 | ||
| 300 |
_a274 páginas : _c27 cm. |
||
| 650 | _aTCA | ||
| 654 | _aCET | ||
| 942 |
_cLIB _dJUS _fJUS _2ddc _n |
||
| 999 |
_c22285 _d22285 |
||